[Event "Staufer op 31st"]
[Site "Schwaebisch Gmuend"]
[Date "2019.01.05"]
[Round "7"]
[White "Kraft, Julian"]
[Black "Tirelli, Mauro"]
[Result "0-1"]
[WhiteElo "1981"]
[BlackElo "2264"]
[PlyCount "42"]
[EventDate "2019.01.02"]
[EventType "swiss"]
[EventRounds "9"]
[EventCountry "GER"]
[SourceTitle "CBM 188 Extra"]
[Source "ChessBase"]
[SourceDate "2019.02.28"]
[SourceVersion "1"]
[SourceVersionDate "2019.02.28"]
[SourceQuality "1"]

1. e4 c5 2. Nc3 Nc6 3. Nf3 e5 4. Bc4 d6 5. d3 h6 6. h3 Nge7 7. a4 Ng6 8. Nd5 Be7 9. Be3 Bg5 10. Bxg5 hxg5 11. Nxg5 Qxg5 12. Nc7+ Kd8 13. Nxa8 Qxg2 14. Kd2 Nd4 15. a5 Qxf2+ 16. Kc3 Nf4 17. b4 cxb4+ 18. Kb2 Bxh3 19. a6 b5 20. Bd5 b3 21. Qe1 Nxd3+ 0-1